Countries Closest To Riyadh - Statistics

General Stats
  • This quiz has been taken 27 times
  • The average score is 25 of 28
Answer Stats
km Away Country % Correct
405 Bahrain
100%
604 Iran
100%
486 Iraq
100%
436 Kuwait
100%
907 Oman
100%
412 Qatar
100%
720 Yemen
100%
1,050 Egypt
96%
502 United Arab Emirates
96%
1,277 Israel
92%
1,071 Jordan
92%
1,431 Lebanon
92%
1,043 Sudan
92%
1,284 Syria
92%
1,531 Afghanistan
88%
1,577 Armenia
88%
1,663 Cyprus
88%
1,124 Eritrea
88%
1,842 Georgia
88%
1,384 Turkey
88%
1,582 Azerbaijan
85%
1,515 Pakistan
85%
1,483 Somalia
85%
1,565 Turkmenistan
85%
1,310 Ethiopia
81%
1,833 Russia
81%
1,996 South Sudan
81%
1,376 Djibouti
77%
No matching quizzes found
Score Distribution
Percent of People with Each Score
Percentile by Number Answered
Your Score History
You have not taken this quiz